[Event "Titled Tuesday intern op 11th Jul Early"]
[Site "Chess.com INT"]
[Date "2023.07.11"]
[Round "5"]
[White "Kim, Sergey2"]
[Black "Tanmay, Jain"]
[Result "0-1"]
[WhiteElo "2295"]
[BlackElo "2132"]
[PlyCount "148"]
[EventDate "2023.07.11"]
[EventType "swiss (blitz)"]
[EventRounds "11"]
[EventCountry "USA"]
[SourceTitle "EXT 2024"]
[Source "ChessBase"]
[SourceDate "2023.10.10"]
[SourceVersion "1"]
[SourceVersionDate "2023.10.10"]
[SourceQuality "1"]

1. d4 Nf6 2. c4 e6 3. Nc3 d5 4. Nf3 Be7 5. Bf4 0-0 6. e3 b6 7. cxd5 exd5 8. Ne5 Bb7 9. Bd3 c5 10. 0-0 Nc6 11. Bf5 Bd6 12. Bg3 Qe7 13. Nxc6 Bxc6 14. Qf3 Bxg3 15. hxg3 g6 16. Bh3 cxd4 17. exd4 Ne4 18. Rfe1 Qd6 19. Rac1 Rae8 20. a3 f5 21. g4 fxg4 22. Nxe4 Rxe4 23. Qc3 Rxe1+ 24. Rxe1 gxh3 25. Qxh3 Bd7 26. Qh4 Qf6 27. Qg3 Bf5 28. Re5 Rd8 29. Qf4 Kg7 30. Qe3 Rd7 31. f3 Bc2 32. Re6 Qf5 33. Rc6 Rf7 34. g4 Qxf3 35. Qe5+ Kh6 36. Qh2+ Kg5 37. Qd2+ Kh4 38. Qe1+ Kg5 39. Qd2+ Kxg4 40. Rxc2 Qg3+ 41. Qg2 Qxg2+ 42. Kxg2 Kf5 43. Kf3 Ke6+ 44. Ke3 Kd6 45. Rg2 Rf5 46. Rh2 h5 47. Rc2 g5 48. Rc8 g4 49. Rg8 Rf3+ 50. Ke2 Ke6 51. Rg5 Rh3 52. Re5+ Kd6 53. Rg5 g3 54. Rg6+ Ke7 55. Kf3 h4 56. Rg7+ Kf6 57. Rxa7 Rh2 58. Ra8 Rf2+ 59. Ke3 h3 60. Rg8 h2 61. Rxg3 h1Q 62. Kxf2 Qb1 63. Rf3+ Ke6 64. Re3+ Kd6 65. Re2 Qd3 66. Re3 Qxd4 67. Kf3 Qd1+ 68. Re2 d4 69. Kf2 d3 70. Re3 Qd2+ 71. Kf3 Qc2 72. Re8 d2 73. Rd8+ Kc7 74. Ke3 d1Q 0-1

[Event "Titled Tuesday intern op 11th Jul Early"]
[Site "Chess.com INT"]
[Date "2023.07.11"]
[Round "7"]
[White "Tanmay, Jain"]
[Black "Karttunen, Mika"]
[Result "1/2-1/2"]
[WhiteElo "2132"]
[BlackElo "2490"]
[PlyCount "135"]
[EventDate "2023.07.11"]
[EventType "swiss (blitz)"]
[EventRounds "11"]
[EventCountry "USA"]
[SourceTitle "EXT 2024"]
[Source "ChessBase"]
[SourceDate "2023.10.10"]
[SourceVersion "1"]
[SourceVersionDate "2023.10.10"]
[SourceQuality "1"]

1. Nf3 Nf6 2. d4 e6 3. g3 d5 4. Bg2 b5 5. 0-0 Be7 6. c3 0-0 7. Re1 Bb7 8. a4 b4 9. b3 c5 10. Be3 cxd4 11. Nxd4 Nc6 12. Qd2 bxc3 13. Nxc3 Bb4 14. Nxc6 Bxc6 15. Bd4 Nd7 16. f4 Qa5 17. Rec1 Rfc8 18. Qd3 Nc5 19. Qc2 Bb7 20. Na2 Ne4 21. Qd3 Ba6 22. Qd1 Bd2 23. Rc2 Rxc2 24. Qxc2 Rc8 25. Qd1 h5 26. Rb1 Bb4 27. Nxb4 Qxb4 28. Bxe4 dxe4 29. e3 Bd3 30. Rc1 Rxc1 31. Qxc1 Qxb3 32. Qc8+ Kh7 33. Qc1 Qxa4 34. Qe1 a5 35. h3 Qa2 36. g4 a4 37. gxh5 a3 38. h6 gxh6 39. h4 Qb1 40. Qxb1 Bxb1 41. Kf2 Kg6 42. Kg3 Kf5 43. h5 Bc2 44. Bc3 Bd1 45. Bd4 Bxh5 46. Kh4 Kg6 47. Bc3 Bd1 48. Bd4 Bc2 49. Bc3 Bd1 50. Bd4 f5 51. Bc3 Kf7 52. Bd4 Ke7 53. Kg3 Kd6 54. Bg7 h5 55. Bf8+ Kd5 56. Bxa3 Kc4 57. Bb2 Kd3 58. Bd4 Bg4 59. Kh4 Ke2 60. Bc5 e5 61. fxe5 f4 62. exf4 Kf3 63. f5 Bxf5 64. Kxh5 Kf4 65. e6 Bxe6 66. Kh4 Kf3 67. Ba7 e3 68. Bxe3 1/2-1/2

[Event "Titled Tuesday intern op 27th Jun Early"]
[Site "Chess.com INT"]
[Date "2023.06.27"]
[Round "6"]
[White "Quirke, Jeffrey"]
[Black "Tanmay, Jain"]
[Result "1-0"]
[WhiteElo "2002"]
[BlackElo "2132"]
[PlyCount "115"]
[EventDate "2023.06.27"]
[EventType "swiss (blitz)"]
[EventRounds "11"]
[EventCountry "USA"]
[SourceTitle "EXT 2024"]
[Source "ChessBase"]
[SourceDate "2023.10.10"]
[SourceVersion "1"]
[SourceVersionDate "2023.10.10"]
[SourceQuality "1"]

1. e4 c6 2. d4 d5 3. exd5 cxd5 4. c3 Nf6 5. Nf3 e6 6. Be3 Bd6 7. Bd3 Nc6 8. 0-0 0-0 9. Nbd2 Qc7 10. h3 b6 11. Re1 h6 12. Nf1 Bb7 13. N1h2 e5 14. dxe5 Nxe5 15. Nxe5 Bxe5 16. Nf3 Bd6 17. Nd4 Bc5 18. Nf5 Bxe3 19. Rxe3 Bc8 20. Nd4 Bd7 21. Qc2 Rae8 22. Rae1 Rxe3 23. Rxe3 Re8 24. Qe2 Rxe3 25. Qxe3 Qd6 26. a3 Be6 27. Ne2 Nd7 28. Bc2 Ne5 29. Qd4 Nc4 30. Nf4 Nxb2 31. Nxe6 fxe6 32. Qg4 Nc4 33. Qg6 Kf8 34. Qh7 Qe5 35. Qh8+ Kf7 36. Qd8 Qd6 37. Qc8 Qe7 38. Qa6 Ne5 39. a4 Nc6 40. Bd3 Qc5 41. Bb5 Ne7 42. Qxa7 Kf6 43. g3 Nf5 44. a5 Qxb5 45. axb6 Nd6 46. Qc7 Qb1+ 47. Kg2 Qe4+ 48. Kg1 Qe1+ 49. Kg2 Ne4 50. Qf4+ Ke7 51. b7 Nd2 52. b8Q Qf1+ 53. Kh2 Qc4 54. Qbc7+ Qxc7 55. Qxc7+ Kf6 56. Qf4+ Kg6 57. Qxd2 Kf7 58. Qd3 1-0

[Event "Titled Tuesday intern op 30th May Early"]
[Site "Chess.com INT"]
[Date "2023.05.30"]
[Round "2"]
[White "Tanmay, Jain"]
[Black "Sailer, Mike L"]
[Result "1-0"]
[WhiteElo "2132"]
[BlackElo "2109"]
[PlyCount "131"]
[EventDate "2023.05.30"]
[EventType "swiss (blitz)"]
[EventRounds "11"]
[EventCountry "USA"]
[SourceTitle "CBM 214 Extra"]
[Source "ChessBase"]
[SourceDate "2023.07.31"]
[SourceVersion "1"]
[SourceVersionDate "2023.07.31"]
[SourceQuality "1"]

1. e4 d5 2. exd5 Qxd5 3. Nf3 Bg4 4. Nc3 Qd6 5. h3 Bh5 6. d4 c6 7. g4 Bg6 8. Be3 e6 9. Qd2 Nf6 10. 0-0-0 Be7 11. Bf4 Qb4 12. Ne5 Nd5 13. Nxd5 Qxd2+ 14. Rxd2 exd5 15. h4 Nd7 16. Nxg6 hxg6 17. Bg3 0-0-0 18. Bd3 Nf6 19. f3 Bd6 20. Be5 Bxe5 21. dxe5 Nd7 22. f4 Nc5 23. Re2 Nxd3+ 24. cxd3 Kd7 25. Kd2 Rh7 26. f5 gxf5 27. gxf5 Rdh8 28. Rg2 Ke7 29. Rg4 Kf8 30. Kc3 Rh5 31. Rf4 R8h6 32. d4 Ke7 33. Rg1 g6 34. fxg6 fxg6 35. Rfg4 Kf7 36. Rf4+ Kg7 37. e6 Rxh4 38. e7 Rh3+ 39. Kb4 Re3 40. Kc5 Rxe7 41. Kd6 Re4 42. Rxe4 dxe4 43. Kc7 Rh2 44. Kxb7 Rxb2+ 45. Kxc6 Rxa2 46. Rg4 e3 47. d5 e2 48. Re4 Kf6 49. d6 Rd2 50. d7 g5 51. Rxe2 Rxd7 52. Kxd7 Kf5 53. Kd6 Kf4 54. Kd5 Kf3 55. Re8 g4 56. Rf8+ Ke3 57. Re8+ Kf3 58. Kd4 a5 59. Kd3 g3 60. Rf8+ Kg2 61. Ke2 a4 62. Ra8 Kh2 63. Kf3 g2 64. Rh8+ Kg1 65. Rg8 Kf1 66. Rxg2 1-0

[Event "Titled Tuesday intern op 23rd May Early"]
[Site "Chess.com INT"]
[Date "2023.05.23"]
[Round "4"]
[White "Lesbekova, Asel"]
[Black "Tanmay, Jain"]
[Result "1-0"]
[WhiteElo "1772"]
[BlackElo "2132"]
[PlyCount "75"]
[EventDate "2023.05.23"]
[EventType "swiss (blitz)"]
[EventRounds "11"]
[EventCountry "USA"]
[SourceTitle "CBM 214 Extra"]
[Source "ChessBase"]
[SourceDate "2023.07.31"]
[SourceVersion "1"]
[SourceVersionDate "2023.07.31"]
[SourceQuality "1"]

1. e4 c5 2. Nf3 d6 3. Bb5+ Bd7 4. Bxd7+ Nxd7 5. 0-0 Ngf6 6. Qe2 g6 7. b3 Bg7 8. Bb2 0-0 9. c4 Ne8 10. Bxg7 Nxg7 11. d4 e5 12. dxe5 Nxe5 13. Rd1 Qf6 14. Nc3 Rad8 15. Nd5 Nxf3+ 16. Qxf3 Qe5 17. Qc3 Ne6 18. Nf6+ Kg7 19. Qxe5 dxe5 20. Nd7 Rfe8 21. Nxe5 Nd4 22. Nd3 Ne2+ 23. Kf1 Nc3 24. Rd2 Nxe4 25. Rdd1 Nc3 26. Rd2 Re7 27. Rc1 Ne4 28. Rdd1 Red7 29. Nb2 Nd2+ 30. Kg1 f5 31. f3 Kf6 32. Kf2 b6 33. g3 Rd4 34. Kg2 R4d6 35. Rc2 Rd4 36. Re1 R4d6 37. Re2 Nb1 38. Na4 1-0

[Event "Titled Tuesday intern op 23rd May Early"]
[Site "Chess.com INT"]
[Date "2023.05.23"]
[Round "9"]
[White "Zaichenko, Daria"]
[Black "Tanmay, Jain"]
[Result "1/2-1/2"]
[WhiteElo "2104"]
[BlackElo "2132"]
[PlyCount "59"]
[EventDate "2023.05.23"]
[EventType "swiss (blitz)"]
[EventRounds "11"]
[EventCountry "USA"]
[SourceTitle "CBM 214 Extra"]
[Source "ChessBase"]
[SourceDate "2023.07.31"]
[SourceVersion "1"]
[SourceVersionDate "2023.07.31"]
[SourceQuality "1"]

1. e4 c5 2. Nf3 d6 3. d4 cxd4 4. Nxd4 Nf6 5. Nc3 g6 6. Bc4 Bg7 7. 0-0 0-0 8. h3 Nc6 9. a4 Bd7 10. Nb3 Rc8 11. Be2 Na5 12. Nxa5 Qxa5 13. Be3 Rxc3 14. bxc3 Nxe4 15. Bd4 Nxc3 16. Bxc3 Qxc3 17. Rb1 b6 18. Bb5 Bf5 19. Qe2 Be6 20. Qd3 Qc5 21. Qe3 Bd4 22. Qh6 Rc8 23. Bd3 Bf6 24. Rb5 Qc3 25. Rh5 gxh5 26. Bxh7+ Kh8 27. Bf5+ Kg8 28. Bh7+ Kh8 29. Bf5+ Kg8 30. Bh7+ 1/2-1/2

[Event "Titled Tuesday intern op 16th May Early"]
[Site "Chess.com INT"]
[Date "2023.05.16"]
[Round "2"]
[White "Lakshmi, Chidambaram"]
[Black "Tanmay, Jain"]
[Result "0-1"]
[WhiteElo "1928"]
[BlackElo "2132"]
[PlyCount "32"]
[EventDate "2023.05.16"]
[EventType "swiss (blitz)"]
[EventRounds "11"]
[EventCountry "USA"]
[SourceTitle "CBM 214 Extra"]
[Source "ChessBase"]
[SourceDate "2023.07.31"]
[SourceVersion "1"]
[SourceVersionDate "2023.07.31"]
[SourceQuality "1"]

1. g3 d5 2. Bg2 Nf6 3. f4 c5 4. Nf3 Nc6 5. 0-0 e6 6. e3 d4 7. Qe2 dxe3 8. dxe3 Be7 9. e4 0-0 10. c3 Qc7 11. Kh1 b6 12. e5 Nd7 13. Nbd2 Bb7 14. Ne4 Na5 15. b4 cxb4 16. c4 Ba6 0-1

[Event "Titled Tuesday intern op 16th May Early"]
[Site "Chess.com INT"]
[Date "2023.05.16"]
[Round "1"]
[White "Tanmay, Jain"]
[Black "Sviridov, Valery"]
[Result "0-1"]
[WhiteElo "2132"]
[BlackElo "2545"]
[PlyCount "74"]
[EventDate "2023.05.16"]
[EventType "swiss (blitz)"]
[EventRounds "11"]
[EventCountry "USA"]
[SourceTitle "CBM 214 Extra"]
[Source "ChessBase"]
[SourceDate "2023.07.31"]
[SourceVersion "1"]
[SourceVersionDate "2023.07.31"]
[SourceQuality "1"]

1. e4 Nf6 2. Nc3 d5 3. exd5 Nxd5 4. Nxd5 Qxd5 5. d4 Nc6 6. Be3 Bf5 7. Nf3 0-0-0 8. Be2 e5 9. dxe5 Qa5+ 10. Bd2 Bb4 11. c3 Be7 12. 0-0 Nxe5 13. Nd4 Bg6 14. Be3 Qd5 15. Qb3 Bd3 16. Bxd3 Nxd3 17. Rfd1 Nc5 18. Qxd5 Rxd5 19. Nb5 Rxd1+ 20. Rxd1 a6 21. Bxc5 Bxc5 22. Nd4 Rd8 23. Kf1 Bxd4 24. cxd4 Re8 25. f3 Kd7 26. Kf2 Kd6 27. Rc1 b6 28. Rc2 c6 29. b3 Kd5 30. Rc4 Re6 31. g3 b5 32. Rc2 Kxd4 33. Rc1 c5 34. Rc2 c4 35. bxc4 bxc4 36. Rc1 c3 37. Rc2 Kd3 0-1

[Event "Titled Tuesday intern op 25th Apr Early"]
[Site "Chess.com INT"]
[Date "2023.04.25"]
[Round "5"]
[White "Skvortsov, Andrei"]
[Black "Tanmay, Jain"]
[Result "1-0"]
[WhiteElo "2313"]
[BlackElo "2132"]
[PlyCount "127"]
[EventDate "2023.04.25"]
[EventType "swiss (blitz)"]
[EventRounds "11"]
[EventCountry "USA"]
[SourceTitle "EXT 2024"]
[Source "ChessBase"]
[SourceDate "2023.10.10"]
[SourceVersion "1"]
[SourceVersionDate "2023.10.10"]
[SourceQuality "1"]

1. e4 d5 2. exd5 Qxd5 3. Nc3 Qd8 4. Bc4 Nf6 5. d4 e6 6. Nge2 b6 7. 0-0 Bb7 8. Bg5 Be7 9. f3 0-0 10. Ng3 Nbd7 11. Qd2 c5 12. dxc5 Qc7 13. Be3 Bxc5 14. Bb3 Rad8 15. Bxc5 Nxc5 16. Qe3 a6 17. Rad1 b5 18. Nce2 Nxb3 19. cxb3 Nd5 20. Qf2 Qc2 21. Nd4 Qc5 22. Rc1 Qb6 23. Rfd1 Rfe8 24. Nc2 Qd6 25. Ne4 Qe7 26. Nc5 Nf4 27. b4 Bd5 28. a3 Qg5 29. Kh1 Qf6 30. Ne3 Rd6 31. Ne4 Bxe4 32. Rxd6 Nd3 33. Qd2 Nxc1 34. Ng4 Qf5 35. Ne3 Qf6 36. Qxc1 Bg6 37. Kg1 h5 38. Qd2 h4 39. h3 Qe5 40. Rd4 Rc8 41. Rxh4 Qg5 42. Rd4 Rc2 43. Nxc2 Qe5 44. Ne3 Qc7 45. Nf1 Qe5 46. Rd8+ Kh7 47. Qd4 Qf5 48. Qh4+ Bh5 49. Rd2 Qg6 50. Qf2 Qh6 51. Ng3 Bg6 52. f4 Qh4 53. Kh2 Qf6 54. Qd4 Qe7 55. f5 exf5 56. Rf2 Qe6 57. Qf4 Qf6 58. Nxf5 Qe6 59. Ng3 Kg8 60. Rd2 Qe7 61. Qd6 Qe3 62. Qd8+ Kh7 63. Qh4+ Kg8 64. Rd8+ 1-0

[Event "Titled Tuesday intern op 28th Mar Early"]
[Site "Chess.com INT"]
[Date "2023.03.28"]
[Round "2"]
[White "De Souza, Cristiano Gomes"]
[Black "Tanmay, Jain"]
[Result "0-1"]
[WhiteElo "2018"]
[BlackElo "2132"]
[PlyCount "100"]
[EventDate "2023.03.28"]
[EventType "swiss (blitz)"]
[EventRounds "11"]
[EventCountry "USA"]
[SourceTitle "EXT 2024"]
[Source "ChessBase"]
[SourceDate "2023.10.10"]
[SourceVersion "1"]
[SourceVersionDate "2023.10.10"]
[SourceQuality "1"]

1. d4 Nf6 2. c4 e6 3. Nf3 Be7 4. Nc3 d5 5. Bg5 0-0 6. Rc1 Ne4 7. Bxe7 Qxe7 8. cxd5 Nxc3 9. Rxc3 exd5 10. Qc1 c6 11. e3 Bf5 12. Be2 Nd7 13. 0-0 Nf6 14. a3 Ne4 15. Rb3 Bg4 16. Re1 Rab8 17. Nd2 Bxe2 18. Nxe4 Bc4 19. Nd2 Bxb3 20. Nxb3 Rfc8 21. Nc5 b6 22. Nd3 c5 23. Qd2 Qe4 24. f3 Qe7 25. Nf4 Rd8 26. dxc5 Qxc5 27. Rc1 Qd6 28. Rd1 d4 29. exd4 h6 30. g3 Rbc8 31. Kg2 Rc4 32. d5 Rdc8 33. Qd3 Rc2+ 34. Kh3 Qd7+ 35. g4 Qd6 36. Qe3 Rxb2 37. Rd2 Rxd2 38. Qxd2 Qxa3 39. Kg3 Qd6 40. Kh3 b5 41. Nh5 Rd8 42. Qb2 f6 43. Qxb5 Qxd5 44. Qe2 a5 45. Kg3 Qd6+ 46. Kh3 Kh8 47. Qe4 Qd7 48. Qg6 a4 49. Nxf6 gxf6 50. Qxh6+ Qh7 0-1

[Event "Titled Tuesday intern op 28th Mar Early"]
[Site "Chess.com INT"]
[Date "2023.03.28"]
[Round "1"]
[White "Tanmay, Jain"]
[Black "Drygalov, Andrey"]
[Result "0-1"]
[WhiteElo "2132"]
[BlackElo "2484"]
[PlyCount "120"]
[EventDate "2023.03.28"]
[EventType "swiss (blitz)"]
[EventRounds "11"]
[EventCountry "USA"]
[SourceTitle "EXT 2024"]
[Source "ChessBase"]
[SourceDate "2023.10.10"]
[SourceVersion "1"]
[SourceVersionDate "2023.10.10"]
[SourceQuality "1"]

1. e4 c5 2. Nf3 d6 3. d4 cxd4 4. Nxd4 Nf6 5. Nc3 a6 6. g3 e5 7. Nb3 Be7 8. Bg2 0-0 9. 0-0 Be6 10. Bg5 Nbd7 11. Qd2 b5 12. a3 Nb6 13. Na5 Qc7 14. Bxf6 Bxf6 15. Nd5 Bxd5 16. exd5 e4 17. c3 Rfe8 18. Rfe1 Na4 19. Nc6 Nc5 20. Qc2 e3 21. fxe3 Bg5 22. e4 g6 23. b4 Nd7 24. c4 bxc4 25. Qxc4 Qb6+ 26. Kh1 Ne5 27. Nxe5 Rxe5 28. Ra2 a5 29. Rb2 axb4 30. axb4 Ree8 31. Bh3 Bf6 32. Rbe2 Be5 33. Rb1 h5 34. Rf1 Rab8 35. Ref2 Re7 36. Ra2 Qxb4 37. Qxb4 Rxb4 38. Bg2 Kg7 39. Rc2 Ra7 40. Rd1 Rb8 41. Rf1 Rb3 42. Bf3 h4 43. Kg2 hxg3 44. hxg3 Raa3 45. Rc7 Rc3 46. Rxc3 Rxc3 47. Rf2 Bd4 48. Re2 Kf6 49. Ra2 Ke5 50. Re2 Kf6 51. Ra2 Be5 52. Re2 Kg7 53. Ra2 g5 54. Re2 g4 55. Bxg4 Rxg3+ 56. Kf1 Rxg4 57. Ke1 Kf6 58. Kd2 Bf4+ 59. Kd3 Ke5 60. Ra2 Rg3+ 0-1

[Event "Titled Tuesday intern op 21st Mar Early"]
[Site "Chess.com INT"]
[Date "2023.03.21"]
[Round "11"]
[White "Tanmay, Jain"]
[Black "Krzywda, Andrzej"]
[Result "1-0"]
[WhiteElo "2132"]
[BlackElo "2235"]
[PlyCount "95"]
[EventDate "2023.03.21"]
[EventType "swiss (blitz)"]
[EventRounds "11"]
[EventCountry "USA"]
[SourceTitle "EXT 2024"]
[Source "ChessBase"]
[SourceDate "2023.10.10"]
[SourceVersion "1"]
[SourceVersionDate "2023.10.10"]
[SourceQuality "1"]

1. d4 Nf6 2. Nf3 g6 3. g3 Bg7 4. Bg2 0-0 5. 0-0 d6 6. Re1 d5 7. Ne5 c5 8. c3 Nc6 9. Nxc6 bxc6 10. dxc5 e5 11. Qa4 Qc7 12. Nd2 Re8 13. e4 Be6 14. b4 a5 15. Qc2 dxe4 16. Bb2 axb4 17. cxb4 Rxa2 18. Rxa2 Bxa2 19. Nxe4 Nxe4 20. Bxe4 Rb8 21. Qa4 Bd5 22. Bxd5 cxd5 23. Rc1 Bf8 24. Qb3 d4 25. Qc4 Qc6 26. Re1 Qb5 27. Qxb5 Rxb5 28. Ba3 f6 29. f4 exf4 30. gxf4 Kf7 31. Rd1 Ke6 32. Rxd4 Kf5 33. Rc4 Rb8 34. Kf2 Ra8 35. Bc1 Rc8 36. Kf3 g5 37. Be3 g4+ 38. Kf2 h5 39. b5 h4 40. b6 Ke6 41. c6 Kd5 42. b7 Rb8 43. c7 Rxb7 44. c8Q Rb2+ 45. Rc2 Bc5 46. Qxc5+ Ke4 47. Rxb2 f5 48. Qd4# 1-0

[Event "Titled Tuesday intern op 29th June"]
[Site "Chess.com INT"]
[Date "2021.06.29"]
[Round "2"]
[White "De Souza, Cristiano Gomes"]
[Black "Tanmay, Jain"]
[Result "1/2-1/2"]
[WhiteElo "2018"]
[BlackElo "2132"]
[PlyCount "96"]
[EventDate "2021.06.29"]
[EventType "swiss (blitz)"]
[EventRounds "11"]
[EventCountry "USA"]
[SourceTitle "CBM 203 Extra"]
[Source "ChessBase"]
[SourceDate "2021.09.30"]
[SourceVersion "1"]
[SourceVersionDate "2021.09.30"]
[SourceQuality "1"]

1. d4 Nf6 2. c4 e6 3. Nf3 d5 4. Nc3 Be7 5. Bg5 0-0 6. e3 h6 7. Bh4 b6 8. Rc1 Bb7 9. Bxf6 Bxf6 10. cxd5 exd5 11. b4 Nd7 12. Be2 a6 13. 0-0 Re8 14. a4 Rc8 15. b5 a5 16. Re1 Qe7 17. Qb3 Qd6 18. g3 c5 19. bxc6 Bxc6 20. Nb5 Qe7 21. Na7 Nb8 22. Nxc8 Rxc8 23. Bb5 Qd7 24. Bxc6 Rxc6 25. Rxc6 Qxc6 26. Rb1 Nd7 27. Qb5 Qd6 28. Rc1 Qe6 29. Nd2 Bg5 30. Nf3 Nf6 31. Nxg5 hxg5 32. Rc6 Qf5 33. Rxb6 Ne4 34. Rb8+ Kh7 35. Qb2 Qf3 36. Re8 g4 37. Qc2 g6 38. Rxe4 dxe4 39. d5 Qf5 40. d6 Qd5 41. d7 Qxd7 42. Qxe4 Qd6 43. Kg2 f5 44. Qf4 Qd5+ 45. Kg1 Qd1+ 46. Kg2 Qd5+ 47. Kg1 Qd1+ 48. Kg2 Qd5+ 1/2-1/2